000 00308nam a22001337a 4500
003 SGT
020 _a978-93-5152-33-8
082 _a616.01
_bC15S
100 _aSOOD, RAMNIK
245 _aCONCISE BOOK OF MEDICAL LABORATORY TECHNOLOGY
260 _aINDIA
_bJAYPEE
_c2015
300 _a1057
942 _2ddc
_cBK
999 _c15862
_d15862